Crecimiento económico y desarrollo comercial en la Villa de Albacete (1680-1830), tratantes y mercaderes en el nacimiento de la capital / (Record no. 178807)

MARC details
000 -LEADER
campo de control de longitud fija 01201nam a2200289 i 4500
001 - NÚMERO DE CONTROL
campo de control 178807
003 - IDENTIFICADOR DE NÚMERO DE CONTROL
campo de control ES-MaACL
005 - FECHA Y HORA DE LA ÚLTIMA TRANSACCIÓN
campo de control 20250901102248.0
008 - DATOS DE LONGITUD FIJA--INFORMACIÓN GENERAL
campo de control de longitud fija 110705s2009 sp bd |||| | spa d
020 ## - NÚMERO INTERNACIONAL ESTÁNDAR DEL LIBRO
Número Internacional Estándar del Libro 978-84-96800-37-3
080 ## - NÚMERO DE LA CLASIFICACIÓN DECIMAL UNIVERSAL
Número de la Clasificación Decimal Universal 339(460.288 A.)"16/18"
080 ## - NÚMERO DE LA CLASIFICACIÓN DECIMAL UNIVERSAL
Número de la Clasificación Decimal Universal 338.1(460.288 A.)"16/18"
100 1# - ENTRADA PRINCIPAL--NOMBRE DE PERSONA
Nombre de persona Gómez Carrasco, Cosme Jesús.
9 (RLIN) 138759
245 10 - MENCIÓN DEL TÍTULO
Título Crecimiento económico y desarrollo comercial en la Villa de Albacete (1680-1830), tratantes y mercaderes en el nacimiento de la capital /
Mención de responsabilidad, etc. Cosme Jesús Gómez Carrasco.
260 ## - PUBLICACIÓN, DISTRIBUCIÓN, ETC.
Lugar de publicación, distribución, etc. Albacete :
Nombre del editor, distribuidor, etc. Instituto de Estudios Albacetenses "Don Juan Manuel",
Fecha de publicación, distribución, etc. 2009.
300 ## - DESCRIPCIÓN FÍSICA
Extensión 354 p. :
Otras características físicas il. , gráf., mapas ;
Dimensiones 24 cm.
490 1# - MENCIÓN DE SERIE
Mención de serie Serie I - Estudios ;
Designación de volumen o secuencia 190
504 ## - NOTA DE BIBLIOGRAFÍA, ETC.
Nota de bibliografía, etc. Bibliografía: p. 317-350.
650 #7 - PUNTO DE ACCESO ADICIONAL DE MATERIA--TÉRMINO DE MATERIA
Término de materia o nombre geográfico como elemento de entrada Comercio-
Subdivisión geográfica Albacete
Fuente del encabezamiento o término
9 (RLIN) 167761
651 #7 - PUNTO DE ACCESO ADICIONAL DE MATERIA--NOMBRE GEOGRÁFICO
Nombre geográfico Albacete-
Subdivisión general Situación económica-
Subdivisión de forma Historia.
9 (RLIN) 167762
710 2# - ENTRADA AGREGADA--NOMBRE DE ENTIDAD CORPORATIVA
Nombre de entidad corporativa o nombre de jurisdicción como elemento de entrada Instituto de Estudios Albacetenses.
9 (RLIN) 4884
830 0# - PUNTO DE ACCESO ADICIONAL DE SERIE-TÍTULO UNIFORME
Título uniforme Serie I - Estudios ;
Designación de volumen o secuencia 190
9 (RLIN) 179228
852 ## - LOCALIZACIÓN
Ubicación ES-MaACL
itemnumber 185668
Sublocalización o colección R.146044
Número de control de estantería A-11323
Ubicación en estantería Depósito 1
Signatura antigua Olim: N-4327
Encuadernación Donación: Editorial
942 ## - ELEMENTOS DE ENTRADA SECUNDARIOS (KOHA)
Fuente del sistema de clasificación o colocación Clasificación decimal universal
Tipo de ítem Koha Libro impreso
Holdings
Estatus retirado Estado de pérdida Fuente del sistema de clasificación o colocación Estado de daño No para préstamo Biblioteca de origen Biblioteca actual Ubicación en estantería Fecha de adquisición Fuente de adquisición Total de préstamos Signatura topográfica completa Código de barras Visto por última vez Precio de reemplazo Tipo de ítem Koha
    Clasificación decimal universal     Biblioteca del Ateneo de Madrid Biblioteca del Ateneo de Madrid Depósito 1 05/07/2011 Donación   A-11323 1187823 23/02/2023 23/02/2023 Libro impreso